Official Languages of the Middle East - Statistics

General Stats
  • This quiz has been taken 153 times
    84 since last reset
  • The average score is 5 of 6
Answer Stats
Answer % Correct
Arabic
100%
Persian
92%
Turkish
86%
Hebrew
83%
Kurdish
77%
Greek
60%
No matching quizzes found
Score Distribution
Percent of People with Each Score
Percentile by Number Answered
Your Score History
You have not taken this quiz since the last reset